[Event "DEM U14w 2006"]
[Site "Willingen GER"]
[Date "2006.06.04"]
[Round "1"]
[White "Wisheckel, Lena"]
[Black "Frey, Alisa"]
[Result "1/2-1/2"]
[Termination "normal"]
[Board "2"]
[WhiteElo "1545"]
[BlackElo "1877"]
[PlyCount "150"]
[WhiteFideId "24691992"]
[BlackFideId "24634662"]
[EventCountry "GER"]
[EventRounds "9"]
[EventType "swiss"]
[EventDate "2006.06.03"]

1. e4 e5 2. Nf3 Nc6 3. Bc4 Nf6 4. d3 Bc5 5. O-O d6 6. Be3 Bb6 7. Bxb6 axb6 8.
Nbd2 Bg4 9. c3 O-O 10. Qc2 Re8 11. Rfe1 Qd7 12. a3 Rad8 13. Rac1 Ne7 14. Qb3
Ng6 15. Ng5 Be6 16. Nxe6 fxe6 17. Qc2 d5 18. exd5 exd5 19. Bb3 b5 20. Nf3 Kh8
21. Rcd1 c6 22. Qb1 Qc7 23. Bc2 Qf7 24. Ng5 Qc7 25. Nf3 Qb8 26. Rd2 Rd7 27.
Rde2 Rde7 28. Nd2 Qd6 29. f3 Nf4 30. Re3 c5 31. g3 d4 32. Ne4 Nxe4 33. Rxe4 Nd5
34. cxd4 exd4 35. b4 Nc3 36. bxc5 Qxc5 37. Rxe7 Rxe7 38. Rxe7 Qxe7 39. Qb4 Qxb4
40. axb4 Nd5 41. Kf2 Nxb4 42. Bb1 Kg8 43. f4 Kf7 44. Kf3 Ke6 45. Ke4 Nc6 46.
Ba2+ Kd6 47. g4 b4 48. g5 b5 49. f5 Na5 50. Kxd4 b3 51. Bb1 b4 52. Ke3 Nc6 53.
d4 Ne7 54. f6 gxf6 55. gxf6 Nd5+ 56. Kd2 Nxf6 57. Kc1 Kd5 58. Kb2 Kxd4 59. Kxb3
Kc5 60. h3 h6 61. Bg6 Nd5 62. h4 Nf4 63. h5 Ne2 64. Bf7 Nd4+ 65. Kb2 Kb5 66.
Bg8 Ka4 67. Bf7 Nf5 68. Kc2 Ka3 69. Bg8 Nd4+ 70. Kd3 Nc6 71. Ke4 Ne7 72. Bf7 b3
73. Bxb3 Kxb3 74. Ke5 Kc4 75. Kf6 Nc6 1/2-1/2

[Event "DEM U14w 2006"]
[Site "Willingen GER"]
[Date "2006.06.04"]
[Round "1"]
[White "Penne, Bo"]
[Black "Nguyen Minh, Thuy"]
[Result "1-0"]
[Termination "normal"]
[Board "3"]
[WhiteElo "1867"]
[BlackElo "1527"]
[PlyCount "61"]
[WhiteFideId "24642193"]
[BlackFideId "24672688"]
[EventCountry "GER"]
[EventRounds "9"]
[EventType "swiss"]
[EventDate "2006.06.03"]

1. e4 c5 2. Nf3 Nc6 3. d4 cxd4 4. Nxd4 g6 5. Nc3 Bg7 6. Be3 d6 7. Be2 Bd7 8.
Qd2 a6 9. O-O Qc7 10. Nd5 Qc8 11. Nb6 Qd8 12. Nxa8 Qxa8 13. f3 h5 14. c3 h4 15.
Nxc6 bxc6 16. Bd4 f6 17. Rad1 Qc8 18. Qd3 c5 19. Be3 Bb5 20. Qd2 Bd7 21. Bc4
Nh6 22. Qd3 a5 23. Bb5 g5 24. Bxd7+ Qxd7 25. Bxc5 g4 26. f4 h3 27. g3 Qc6 28.
Bf2 f5 29. Qd5 Qd7 30. e5 Qc8 31. exd6 1-0

[Event "DEM U14w 2006"]
[Site "Willingen GER"]
[Date "2006.06.04"]
[Round "1"]
[White "Sonnhalter, Stella"]
[Black "Bochis, Julia"]
[Result "0-1"]
[Termination "normal"]
[Board "4"]
[WhiteElo "1511"]
[BlackElo "1828"]
[PlyCount "72"]
[WhiteFideId "4624815"]
[BlackFideId "24647276"]
[EventCountry "GER"]
[EventRounds "9"]
[EventType "swiss"]
[EventDate "2006.06.03"]

1. e4 d5 2. exd5 Qxd5 3. Nc3 Qd6 4. Bc4 Nf6 5. d4 a6 6. Nf3 Nc6 7. h3 Bf5 8.
Be3 e6 9. O-O O-O-O 10. a3 h6 11. b4 g5 12. b5 axb5 13. Nxb5 Qe7 14. c3 g4 15.
hxg4 Bxg4 16. Be2 Nd5 17. c4 Nb6 18. d5 Rg8 19. Bxb6 cxb6 20. Qa4 Na5 21. d6
Qf6 22. Rad1 Bxf3 23. Bxf3 Qxf3 24. g3 Qb3 25. d7+ Kb8 26. Qxb3 Nxb3 27. Rfe1
Nc5 28. Re2 Rxd7 29. Rxd7 Nxd7 30. Rd2 Kc8 31. Na7+ Kd8 32. Nb5 Bc5 33. Kg2 Ke7
34. f4 Rd8 35. Re2 f5 36. Nc7 Nf8 0-1

[Event "DEM U14w 2006"]
[Site "Willingen GER"]
[Date "2006.06.04"]
[Round "1"]
[White "Smolkina, Milana"]
[Black "Lingl, Xenia"]
[Result "1-0"]
[Termination "normal"]
[Board "5"]
[WhiteElo "1822"]
[BlackElo "1483"]
[PlyCount "57"]
[WhiteFideId "24618780"]
[EventCountry "GER"]
[EventRounds "9"]
[EventType "swiss"]
[EventDate "2006.06.03"]

1. e4 e5 2. Nf3 Nc6 3. Bb5 a6 4. Ba4 Nf6 5. d3 b5 6. Bb3 Bc5 7. Nc3 d6 8. Nd5
h6 9. a4 Bb7 10. c3 O-O 11. a5 Nxd5 12. Bxd5 Qc8 13. b4 Ba7 14. Nh4 Ne7 15.
Bxb7 Qxb7 16. Qg4 Qc8 17. Nf5 Nxf5 18. exf5 Kh7 19. Qe4 Rg8 20. f6+ Kh8 21. O-O
Qf8 22. Qh4 Kh7 23. Qe4+ Kh8 24. Qf5 g6 25. Qh3 Kh7 26. Re1 Re8 27. Re4 Re6 28.
Rh4 g5 29. Qf5+ 1-0

[Event "DEM U14w 2006"]
[Site "Willingen GER"]
[Date "2006.06.04"]
[Round "1"]
[White "Stitterich, Nadine"]
[Black "Micklich, Rahel"]
[Result "1/2-1/2"]
[Termination "normal"]
[Board "6"]
[WhiteElo "1470"]
[BlackElo "1785"]
[PlyCount "78"]
[WhiteFideId "24676527"]
[BlackFideId "24639184"]
[EventCountry "GER"]
[EventRounds "9"]
[EventType "swiss"]
[EventDate "2006.06.03"]

1. e4 c5 2. Nf3 d6 3. d4 cxd4 4. Nxd4 Nf6 5. Nc3 a6 6. Be3 e6 7. Bd3 Be7 8. O-O
O-O 9. f4 b5 10. Qe2 Qc7 11. Rae1 Bb7 12. Kh1 b4 13. Nb1 Nxe4 14. Bxe4 Bxe4 15.
Bd2 d5 16. Rc1 Nc6 17. Nxc6 Qxc6 18. c3 Qb5 19. Qe1 b3 20. c4 Qb7 21. axb3 dxc4
22. Qg3 Bf6 23. Bc3 Bxc3 24. Nxc3 Rac8 25. Nxe4 Qxe4 26. bxc4 Rxc4 27. Rxc4
Qxc4 28. Qf2 Rd8 29. Kg1 Qd4 30. Qxd4 Rxd4 31. g3 Rd2 32. Ra1 Rxb2 33. Rxa6 g6
34. Ra8+ Kg7 35. Ra7 Kf6 36. Ra5 Rd2 37. Rc5 h6 38. Rb5 Rd5 39. Rb3 Rd2 1/2-1/2

[Event "DEM U14w 2006"]
[Site "Willingen GER"]
[Date "2006.06.04"]
[Round "1"]
[White "Kinzel, Tiffany"]
[Black "Blübaum, Johanna"]
[Result "0-1"]
[Termination "normal"]
[Board "8"]
[WhiteElo "1385"]
[BlackElo "1707"]
[PlyCount "90"]
[WhiteFideId "4633741"]
[BlackFideId "24647373"]
[EventCountry "GER"]
[EventRounds "9"]
[EventType "swiss"]
[EventDate "2006.06.03"]

1. Nc3 e6 2. e4 d5 3. exd5 exd5 4. d4 Bb4 5. Bd3 Ne7 6. Nf3 Nbc6 7. O-O Bg4 8.
Be3 h6 9. Re1 O-O 10. h3 Bh5 11. g4 Bg6 12. Bf4 Bxd3 13. Qxd3 Ng6 14. Bg3 Qd7
15. Ne5 Ncxe5 16. dxe5 Ne7 17. Re2 c6 18. a3 Ba5 19. b4 Bb6 20. Rae1 Qe6 21.
Kg2 Rae8 22. f4 f5 23. exf6 Qxf6 24. f5 h5 25. Re6 Qg5 26. Qe2 Rf7 27. Bd6 Bd8
28. Qf3 Rxf5 29. Qe3 Qxe3 30. R1xe3 Rf6 31. Rxf6 gxf6 32. Ne2 hxg4 33. hxg4 Kf7
34. Bxe7 Rxe7 35. Rxe7+ Bxe7 36. Kf3 Bd6 37. Ke3 Be5 38. c3 Kg6 39. Kf3 Kg5 40.
Nd4 Bxd4 41. cxd4 f5 42. gxf5 Kxf5 43. a4 b5 44. a5 a6 45. Ke3 Kg4 0-1

[Event "DEM U14w 2006"]
[Site "Willingen GER"]
[Date "2006.06.04"]
[Round "1"]
[White "Hohmann, Louisa"]
[Black "Schultheiß, Vera"]
[Result "1-0"]
[Termination "normal"]
[Board "9"]
[WhiteElo "1662"]
[BlackElo "1370"]
[PlyCount "51"]
[EventCountry "GER"]
[EventRounds "9"]
[EventType "swiss"]
[EventDate "2006.06.03"]

1. e4 c5 2. Nf3 d6 3. d4 cxd4 4. Nxd4 Nf6 5. Nc3 g6 6. Be3 Bg7 7. f3 O-O 8. Qd2
Nc6 9. O-O-O a6 10. g4 Ne5 11. Bh6 Bd7 12. h4 b5 13. Bxg7 Kxg7 14. h5 b4 15.
Nd5 Rh8 16. hxg6 hxg6 17. Rxh8 Qxh8 18. Bg2 Kf8 19. Rh1 Qg7 20. Nxb4 a5 21. Nd5
a4 22. Nxf6 exf6 23. Ne2 g5 24. Qxd6+ Ke8 25. Nc3 Rd8 26. Nd5 1-0

[Event "DEM U14w 2006"]
[Site "Willingen GER"]
[Date "2006.06.04"]
[Round "1"]
[White "Rummer, Bärbel"]
[Black "Mertens, Pauline"]
[Result "0-1"]
[Termination "normal"]
[Board "10"]
[WhiteElo "1312"]
[BlackElo "1658"]
[PlyCount "40"]
[WhiteFideId "12900109"]
[BlackFideId "24671959"]
[EventCountry "GER"]
[EventRounds "9"]
[EventType "swiss"]
[EventDate "2006.06.03"]

1. e4 c5 2. Nc3 e6 3. g3 Nc6 4. Bg2 g6 5. d3 Bg7 6. f4 Nh6 7. Nf3 O-O 8. O-O f5
9. Be3 Ng4 10. Bd2 e5 11. h3 Nf6 12. Nh4 fxe4 13. dxe4 Nh5 14. Qe1 Nd4 15. Rc1
b5 16. Ne2 Nxe2+ 17. Qxe2 Nxg3 18. Qf2 Nxf1 19. Rxf1 exf4 20. b3 Bd4 0-1

[Event "DEM U14w 2006"]
[Site "Willingen GER"]
[Date "2006.06.04"]
[Round "1"]
[White "Mijatovic, Andrea"]
[Black "Falke, Cynthia"]
[Result "1-0"]
[Termination "normal"]
[Board "11"]
[WhiteElo "1913"]
[BlackElo "1307"]
[PlyCount "37"]
[WhiteFideId "14514524"]
[BlackFideId "24600644"]
[EventCountry "GER"]
[EventRounds "9"]
[EventType "swiss"]
[EventDate "2006.06.03"]

1. e4 e5 2. Nf3 Nc6 3. d4 exd4 4. Bc4 Nf6 5. O-O Nxe4 6. Re1 d5 7. Bxd5 Qxd5 8.
Nc3 Qd8 9. Rxe4+ Be7 10. Nxd4 Nxd4 11. Rxd4 Bd7 12. Bf4 Qc8 13. Nd5 Bd8 14. Qd3
c6 15. Re1+ Be6 16. Nc3 Bf6 17. Ne4 Bf5 18. Nxf6+ Kf8 19. Bd6# 1-0

[Event "DEM U14w 2006"]
[Site "Willingen GER"]
[Date "2006.06.04"]
[Round "1"]
[White "Kohm, Vanessa"]
[Black "Schöbel, Ulrike"]
[Result "1-0"]
[Termination "normal"]
[Board "13"]
[WhiteElo "1562"]
[BlackElo "1064"]
[PlyCount "91"]
[WhiteFideId "4674472"]
[EventCountry "GER"]
[EventRounds "9"]
[EventType "swiss"]
[EventDate "2006.06.03"]

1. d4 Nf6 2. Nf3 e6 3. Bg5 Be7 4. c4 b6 5. Nc3 Bb7 6. e3 c6 7. Bd3 d5 8. cxd5
exd5 9. Ne5 Nbd7 10. f4 Qc7 11. Rc1 O-O 12. Nb5 Qd8 13. Nxc6 Bxc6 14. Rxc6 Bb4+
15. Kf2 Qe8 16. Nc7 Qe7 17. Nxd5 Ne4+ 18. Bxe4 Qxe4 19. Nxb4 Rfe8 20. Qd3 Qxd3
21. Nxd3 f6 22. Bh4 Rf8 23. Rf1 g5 24. Bg3 Kg7 25. fxg5 fxg5+ 26. Ke2 Rac8 27.
Rc7 Rxc7 28. Bxc7 Rc8 29. Rc1 Re8 30. Ne5 Nf6 31. Nc6 Ng4 32. Rc3 Rf8 33. Bg3
a6 34. h3 Nf6 35. Kd3 b5 36. e4 Kf7 37. Bd6 Re8 38. e5 Nd5 39. Rc2 Ke6 40. Ke4
h5 41. Nb4 Nxb4 42. Bxb4 Rd8 43. Rc6+ Kd7 44. Rd6+ Kc7 45. Rxd8 Kxd8 46. Kf5
1-0

[Event "DEM U14w 2006"]
[Site "Willingen GER"]
[Date "2006.06.04"]
[Round "2"]
[White "Mertens, Pauline"]
[Black "Penne, Bo"]
[Result "1/2-1/2"]
[Termination "normal"]
[Board "1"]
[WhiteElo "1658"]
[BlackElo "1867"]
[PlyCount "128"]
[WhiteFideId "24671959"]
[BlackFideId "24642193"]
[EventCountry "GER"]
[EventRounds "9"]
[EventType "swiss"]
[EventDate "2006.06.03"]

1. e4 c6 2. d4 d5 3. exd5 cxd5 4. c4 Nf6 5. Nc3 e6 6. Bg5 Nbd7 7. Nf3 Qa5 8. c5
Ne4 9. Bd2 Nxd2 10. Qxd2 Be7 11. Bd3 O-O 12. O-O Qc7 13. Rfe1 Nf6 14. Ne5 Bd7
15. Re3 Rfc8 16. Rg3 Bf8 17. Qf4 Be7 18. Rh3 g6 19. g4 Be8 20. Ne2 Qd8 21. Ng3
Bf8 22. g5 Nh5 23. Nxh5 gxh5 24. Rxh5 f5 25. Rh3 Rc7 26. Rg3 Rg7 27. Kg2 Be7
28. h4 Rc8 29. Re3 h6 30. g6 Bxh4 31. Rh3 Bg5 32. Qg3 f4 33. Qg4 Qf6 34. Re1
Re7 35. f3 b6 36. b4 bxc5 37. bxc5 Rb8 38. Rb1 Rxb1 39. Bxb1 Rb7 40. Rh1 Rb4
41. c6 Qe7 42. Rc1 Rb8 43. Bd3 Rc8 44. Rc5 Rc7 45. Ba6 Kg7 46. Bb7 Bxg6 47.
Nxg6 Kxg6 48. Ra5 Kf6 49. Rxa7 Rxc6 50. Bxc6 Qxa7 51. a4 Qxd4 52. Bd7 Qb6 53.
a5 Qxa5 54. Qxe6+ Kg7 55. Qe5+ Bf6 56. Qxf4 d4 57. Bf5 Qe5 58. Qg4+ Kf8 59. Qe4
Kg7 60. Qxe5 Bxe5 61. Be4 Kf6 62. Bd3 Kg5 63. Be4 h5 64. Kh3 Kf4 1/2-1/2

[Event "DEM U14w 2006"]
[Site "Willingen GER"]
[Date "2006.06.04"]
[Round "2"]
[White "Bochis, Julia"]
[Black "Mijatovic, Andrea"]
[Result "1/2-1/2"]
[Termination "normal"]
[Board "2"]
[WhiteElo "1828"]
[BlackElo "1913"]
[PlyCount "99"]
[WhiteFideId "24647276"]
[BlackFideId "14514524"]
[EventCountry "GER"]
[EventRounds "9"]
[EventType "swiss"]
[EventDate "2006.06.03"]

1. Nf3 d5 2. c4 e6 3. g3 Nf6 4. Bg2 Be7 5. O-O O-O 6. b3 c5 7. Bb2 Nc6 8. e3
Qc7 9. Qe2 Rd8 10. d3 e5 11. cxd5 Nxd5 12. a3 Be6 13. Nbd2 f5 14. Nc4 Bf6 15.
e4 Nb6 16. Rfd1 Nxc4 17. dxc4 Nd4 18. Bxd4 exd4 19. e5 Be7 20. Ne1 Rab8 21. Nd3
g5 22. f4 h6 23. Qc2 b5 24. Rdc1 bxc4 25. bxc4 Rb6 26. Rab1 Rdb8 27. Rxb6 Rxb6
28. Bd5 Qd7 29. Qa2 Kg7 30. Rc2 Kg6 31. Kf2 Qa4 32. Rb2 Qd1 33. Rxb6 axb6 34.
Qe2 Qxe2+ 35. Kxe2 Bd7 36. Kd2 Kh5 37. h3 Kg6 38. Kc2 Ba4+ 39. Kd2 Bb3 40. Nc1
Ba4 41. Kd3 gxf4 42. gxf4 Bh4 43. Ne2 Bd1 44. Kd2 Bxe2 45. Kxe2 Bg3 46. Kf3 Be1
47. Ke2 Bc3 48. Kd1 Bb2 49. a4 Ba3 50. Be6 1/2-1/2

[Event "DEM U14w 2006"]
[Site "Willingen GER"]
[Date "2006.06.04"]
[Round "2"]
[White "Kohm, Vanessa"]
[Black "Smolkina, Milana"]
[Result "0-1"]
[Termination "normal"]
[Board "3"]
[WhiteElo "1562"]
[BlackElo "1822"]
[PlyCount "90"]
[WhiteFideId "4674472"]
[BlackFideId "24618780"]
[EventCountry "GER"]
[EventRounds "9"]
[EventType "swiss"]
[EventDate "2006.06.03"]

1. e4 c5 2. Nf3 d6 3. d4 cxd4 4. Nxd4 Nf6 5. Nc3 g6 6. Be3 Bg7 7. Be2 O-O 8.
O-O Nc6 9. Nb3 Be6 10. f4 Na5 11. f5 Bc4 12. Nxa5 Bxe2 13. Qxe2 Qxa5 14. g4 Qe5
15. Bf4 Qc5+ 16. Kh1 Rac8 17. g5 Nd7 18. Bd2 Qc4 19. Rae1 Qxe2 20. Rxe2 f6 21.
Bc1 fxg5 22. Nd5 Rf7 23. Bxg5 Nf6 24. Nxf6+ Bxf6 25. Bxf6 Rxf6 26. c3 Rcf8 27.
Rg1 Kf7 28. fxg6+ hxg6 29. e5 Re6 30. Rf2+ Kg7 31. Rxf8 Kxf8 32. exd6 Rxd6 33.
Rf1+ Rf6 34. Rb1 g5 35. Kg2 Rf5 36. Re1 e5 37. Kg3 Kf7 38. Re4 Kf6 39. Ra4 a6
40. Rb4 b5 41. a4 Rf4 42. b3 Rxb4 43. cxb4 Kf5 44. Kf3 e4+ 45. Ke3 Ke5 0-1

[Event "DEM U14w 2006"]
[Site "Willingen GER"]
[Date "2006.06.04"]
[Round "2"]
[White "Blübaum, Johanna"]
[Black "Garny, Annica"]
[Result "1-0"]
[Termination "normal"]
[Board "4"]
[WhiteElo "1707"]
[BlackElo "1195"]
[PlyCount "83"]
[WhiteFideId "24647373"]
[BlackFideId "24600660"]
[EventCountry "GER"]
[EventRounds "9"]
[EventType "swiss"]
[EventDate "2006.06.03"]

1. d4 Nf6 2. c4 g6 3. Nc3 Bg7 4. e4 d6 5. Be2 O-O 6. Nf3 Re8 7. Qc2 e5 8. Be3
Ng4 9. Bg5 f6 10. Bh4 Nd7 11. d5 c6 12. Nd2 Nh6 13. f3 Qc7 14. Bf2 f5 15. O-O
f4 16. dxc6 bxc6 17. Nb3 Bf8 18. c5 Nxc5 19. Nxc5 dxc5 20. Na4 Qe7 21. Nxc5 Nf7
22. Rac1 Nd8 23. Rfd1 Nb7 24. Na6 Kh8 25. Qxc6 Rd8 26. Nc7 Rb8 27. Bxa7 Bd7 28.
Rxd7 Rxd7 29. Bxb8 Nd8 30. Qc3 Bg7 31. a4 Qd6 32. Rd1 Qb6+ 33. Kf1 Rxd1+ 34.
Bxd1 Qxb8 35. a5 Qa7 36. b4 Qb7 37. Nd5 Nc6 38. Ba4 Nd4 39. Qc7 Qxc7 40. Nxc7
Bf8 41. b5 Bd6 42. b6 1-0

[Event "DEM U14w 2006"]
[Site "Willingen GER"]
[Date "2006.06.04"]
[Round "2"]
[White "Müller, Anna-Louise"]
[Black "Hohmann, Louisa"]
[Result "1/2-1/2"]
[Termination "normal"]
[Board "5"]
[WhiteElo "1432"]
[BlackElo "1662"]
[PlyCount "69"]
[WhiteFideId "4633512"]
[EventCountry "GER"]
[EventRounds "9"]
[EventType "swiss"]
[EventDate "2006.06.03"]

1. e4 e5 2. Nf3 Nf6 3. Nc3 Nc6 4. d4 exd4 5. Nxd4 Bb4 6. Nxc6 bxc6 7. Bd3 O-O
8. O-O d5 9. exd5 cxd5 10. Bg5 c6 11. Ne2 Be6 12. Nd4 c5 13. Nc6 Qd7 14. Nxb4
cxb4 15. Bxf6 gxf6 16. Qh5 Rfc8 17. Qxh7+ Kf8 18. Qh6+ Ke7 19. Rfe1 Rh8 20. Qf4
Qb7 21. Bf5 Rag8 22. Bxe6 fxe6 23. Qf5 Qc6 24. Rad1 Rg5 25. Qf4 a5 26. Rd2 Kf7
27. Rde2 d4 28. Qe4 Qxe4 29. Rxe4 Rgh5 30. h3 e5 31. f4 Ke6 32. fxe5 Rxe5 33.
Kf2 Rc8 34. R4e2 Kd6 35. g3 1/2-1/2

[Event "DEM U14w 2006"]
[Site "Willingen GER"]
[Date "2006.06.04"]
[Round "2"]
[White "Micklich, Rahel"]
[Black "Endress, Anna"]
[Result "0-1"]
[Termination "normal"]
[Board "6"]
[WhiteElo "1785"]
[BlackElo "1949"]
[PlyCount "58"]
[WhiteFideId "24639184"]
[BlackFideId "24629472"]
[EventCountry "GER"]
[EventRounds "9"]
[EventType "swiss"]
[EventDate "2006.06.03"]

1. d4 d5 2. c4 e6 3. Nc3 Nf6 4. Bg5 Be7 5. e3 O-O 6. Nf3 h6 7. Bh4 b6 8. cxd5
Nxd5 9. Bxe7 Qxe7 10. Rc1 Rd8 11. Bd3 Bb7 12. O-O Nb4 13. Bb1 c5 14. a3 cxd4
15. axb4 dxc3 16. Qc2 g6 17. Qxc3 Bxf3 18. gxf3 Na6 19. b5 Qg5+ 20. Kh1 Qxb5
21. Rg1 e5 22. Be4 Rac8 23. Qxc8 Rxc8 24. Rxc8+ Kg7 25. Rc2 Nc5 26. Rgc1 h5 27.
Bd5 h4 28. Bc4 Qd7 29. Rg1 Qf5 0-1

[Event "DEM U14w 2006"]
[Site "Willingen GER"]
[Date "2006.06.04"]
[Round "2"]
[White "Frey, Alisa"]
[Black "Stitterich, Nadine"]
[Result "1/2-1/2"]
[Termination "normal"]
[Board "7"]
[WhiteElo "1877"]
[BlackElo "1470"]
[PlyCount "111"]
[WhiteFideId "24634662"]
[BlackFideId "24676527"]
[EventCountry "GER"]
[EventRounds "9"]
[EventType "swiss"]
[EventDate "2006.06.03"]

1. e4 e5 2. f4 d6 3. Nf3 Nc6 4. Bb5 exf4 5. d4 Bd7 6. Bxf4 Nf6 7. Nc3 Be7 8.
O-O O-O 9. Qd2 a6 10. Bd3 Bg4 11. Be2 Rc8 12. d5 Nb8 13. Nd4 Bxe2 14. Qxe2 Nbd7
15. Nf5 Nc5 16. Rae1 Ncd7 17. Kh1 Re8 18. Qf3 Nf8 19. Rf2 Ng6 20. Nxe7+ Rxe7
21. Bg5 Re5 22. Bxf6 gxf6 23. Qxf6 Qxf6 24. Rxf6 Rce8 25. Re2 Kg7 26. Rf1 Ne7
27. Kg1 Nxd5 28. Nxd5 Rxd5 29. Ref2 Rc5 30. Rxf7+ Kg8 31. c3 Rxe4 32. R7f4 Rxf4
33. Rxf4 Re5 34. Kf1 Rd5 35. Ke2 Re5+ 36. Kd2 Rd5+ 37. Rd4 Rf5 38. Re4 Rf2+ 39.
Re2 Rf5 40. a3 Kf7 41. Kd3 Rh5 42. h3 Rg5 43. g4 Rg6 44. b3 Rh6 45. Re3 Rg6 46.
Ke2 Rg5 47. c4 Rc5 48. Kd3 Ra5 49. a4 Rg5 50. Re4 Rg6 51. h4 Rf6 52. Ke3 Rg6
53. Kf3 h6 54. b4 c6 55. h5 Rf6+ 56. Ke3 1/2-1/2

[Event "DEM U14w 2006"]
[Site "Willingen GER"]
[Date "2006.06.04"]
[Round "2"]
[White "Schultheiß, Vera"]
[Black "Voss, Chantal"]
[Result "1-0"]
[Termination "normal"]
[Board "9"]
[WhiteElo "1370"]
[BlackElo "1718"]
[PlyCount "87"]
[BlackFideId "4664906"]
[EventCountry "GER"]
[EventRounds "9"]
[EventType "swiss"]
[EventDate "2006.06.03"]

1. e4 e6 2. Nf3 d5 3. exd5 exd5 4. d4 Bd6 5. Bd3 Nc6 6. c3 Nge7 7. Qc2 Be6 8.
Be3 Qd7 9. Nbd2 Bf5 10. O-O-O O-O 11. h3 b5 12. g4 Bxd3 13. Qxd3 Rab8 14. Ng5
g6 15. Rdg1 Na5 16. h4 b4 17. h5 bxc3 18. Qxc3 Bb4 19. Qd3 Qc6+ 20. Qc2 Nc4 21.
hxg6 Nxg6 22. Nxc4 dxc4 23. Nxh7 c3 24. b3 Ba3+ 25. Kb1 Rfe8 26. g5 Kg7 27. Nf6
Rh8 28. Nh5+ Kf8 29. Ng3 Rxh1 30. Rxh1 a5 31. f4 Re8 32. Bc1 Bd6 33. Rf1 Kg8
34. Nh5 Rb8 35. f5 Ne7 36. Nf6+ Kg7 37. Nh5+ Kh8 38. g6 Kg8 39. gxf7+ Kxf7 40.
f6 Ng6 41. Rg1 Rg8 42. Bh6 a4 43. Bg7 Nf4 44. Nxf4 1-0

[Event "DEM U14w 2006"]
[Site "Willingen GER"]
[Date "2006.06.04"]
[Round "2"]
[White "Dorn, Carina"]
[Black "Kinzel, Tiffany"]
[Result "1-0"]
[Termination "normal"]
[Board "10"]
[WhiteElo "1588"]
[BlackElo "1385"]
[PlyCount "117"]
[WhiteFideId "24666335"]
[BlackFideId "4633741"]
[EventCountry "GER"]
[EventRounds "9"]
[EventType "swiss"]
[EventDate "2006.06.03"]

1. d4 d5 2. c4 c6 3. Bf4 Bf5 4. Nc3 Nf6 5. Nf3 e6 6. e3 Bd6 7. Bg3 O-O 8. Bd3
Bg6 9. O-O Qc7 10. Rc1 Nbd7 11. cxd5 Bxg3 12. dxc6 Bxh2+ 13. Nxh2 Qxc6 14. Na4
Qd6 15. Nc5 Nxc5 16. Rxc5 Rac8 17. Bxg6 hxg6 18. Qc2 Rxc5 19. Qxc5 Qxc5 20.
dxc5 Rc8 21. Rc1 Nd7 22. b4 b6 23. c6 Ne5 24. b5 Nd3 25. Rd1 Nc5 26. Nf3 f6 27.
Nd4 Kf7 28. Nb3 Rc7 29. Nxc5 bxc5 30. Rc1 a6 31. a4 axb5 32. axb5 Ke7 33. Rxc5
Kd6 34. Rc2 Rc8 35. Kf1 Kc7 36. Ke2 Kb6 37. Rb2 Rd8 38. e4 g5 39. g4 g6 40. e5
f5 41. Rd2 Re8 42. Rd6 Kxb5 43. c7 Rc8 44. Rxe6 Rxc7 45. Rxg6 Re7 46. Rxg5
Rxe5+ 47. Kf1 Kc6 48. Rxf5 Rxf5 49. gxf5 Kd6 50. Kg2 Ke5 51. Kg3 Kxf5 52. Kf3
Ke5 53. Kg4 Ke6 54. Kg5 Kf7 55. Kf5 Kg7 56. Ke6 Kf8 57. Kf6 Ke8 58. f4 Kf8 59.
f5 1-0

[Event "DEM U14w 2006"]
[Site "Willingen GER"]
[Date "2006.06.04"]
[Round "2"]
[White "Nguyen Minh, Thuy"]
[Black "Rummer, Bärbel"]
[Result "1-0"]
[Termination "normal"]
[Board "11"]
[WhiteElo "1527"]
[BlackElo "1312"]
[PlyCount "73"]
[WhiteFideId "24672688"]
[BlackFideId "12900109"]
[EventCountry "GER"]
[EventRounds "9"]
[EventType "swiss"]
[EventDate "2006.06.03"]

1. e4 e5 2. Nf3 Nc6 3. Bc4 Bc5 4. d3 h6 5. c3 Nf6 6. b4 Bb6 7. a4 a6 8. O-O d6
9. Qb3 O-O 10. Be3 Bg4 11. Nh4 Qd7 12. Bxb6 cxb6 13. f4 Be6 14. Nd2 b5 15. Bxe6
fxe6 16. f5 Rae8 17. axb5 axb5 18. h3 Qe7 19. Ng6 Qf7 20. Nxf8 Kxf8 21. fxe6
Rxe6 22. Ra8+ Ke7 23. c4 Nd4 24. Qd1 Qg6 25. Rb8 Nh5 26. Rxb7+ Ke8 27. Rf2 Nf4
28. Qg4 Qxg4 29. hxg4 Rg6 30. Nf3 Nxf3+ 31. Rxf3 Rxg4 32. g3 Rg5 33. d4 bxc4
34. Ra3 Ne6 35. d5 Nd8 36. Rc7 Rg6 37. b5 1-0

[Event "DEM U14w 2006"]
[Site "Willingen GER"]
[Date "2006.06.04"]
[Round "2"]
[White "Falke, Cynthia"]
[Black "Sonnhalter, Stella"]
[Result "1-0"]
[Termination "normal"]
[Board "12"]
[WhiteElo "1307"]
[BlackElo "1511"]
[PlyCount "118"]
[WhiteFideId "24600644"]
[BlackFideId "4624815"]
[EventCountry "GER"]
[EventRounds "9"]
[EventType "swiss"]
[EventDate "2006.06.03"]

1. e4 c5 2. Nc3 Nc6 3. d3 g6 4. g3 Bg7 5. Bg2 Nf6 6. h3 d6 7. Be3 O-O 8. f4 e6
9. Nge2 Qa5 10. O-O Bd7 11. d4 cxd4 12. Nxd4 Qb6 13. Qd2 Nxe4 14. Nxe4 Bxd4 15.
Bxd4 Qxd4+ 16. Qxd4 Nxd4 17. c3 Nc6 18. Nxd6 Rab8 19. Rad1 Rfd8 20. Rd2 Rf8 21.
Rfd1 Be8 22. b4 f5 23. Nxe8 Rfxe8 24. Bxc6 bxc6 25. Rd7 a6 26. Rc7 Red8 27.
Rxd8+ Rxd8 28. Rxc6 Rd3 29. Kf2 Rd2+ 30. Kf3 Rxa2 31. Rxe6 Ra3 32. Rc6 Kf7 33.
Rc5 Ke6 34. Ke3 Ra1 35. Re5+ Kd6 36. Kd4 Rd1+ 37. Ke3 Re1+ 38. Kd4 Rd1+ 39. Kc4
Rg1 40. Re3 h6 41. h4 h5 42. Rd3+ Kc6 43. Kd4 Kd6 44. c4 Re1 45. Re3 Rb1 46.
c5+ Kc6 47. Kc4 Rc1+ 48. Rc3 Rd1 49. Rd3 Rc1+ 50. Kb3 Kb5 51. Rd6 Rb1+ 52. Kc3
a5 53. Rb6+ Ka4 54. bxa5 Rc1+ 55. Kd4 Kxa5 56. Rxg6 Kb5 57. Rg5 Rxc5 58. Rxh5
Kc6 59. Rh6+ Kb5 1-0

[Event "DEM U14w 2006"]
[Site "Willingen GER"]
[Date "2006.06.04"]
[Round "2"]
[White "Lingl, Xenia"]
[Black "Schöbel, Ulrike"]
[Result "1-0"]
[Termination "normal"]
[Board "13"]
[WhiteElo "1483"]
[BlackElo "1064"]
[PlyCount "105"]
[EventCountry "GER"]
[EventRounds "9"]
[EventType "swiss"]
[EventDate "2006.06.03"]

1. e4 c6 2. d4 d5 3. exd5 cxd5 4. Bd3 Nf6 5. h3 e6 6. Bf4 Be7 7. Nf3 Nbd7 8. c3
Qa5 9. Nbd2 O-O 10. O-O Re8 11. Qc2 b6 12. b4 Bxb4 13. cxb4 Qxb4 14. Rab1 Qe7
15. Qc7 Nf8 16. Qxe7 Rxe7 17. Rbc1 a5 18. Rc2 Ba6 19. Bxa6 Rxa6 20. Rfc1 Ra8
21. Bc7 N6d7 22. Bd6 Ree8 23. Rc7 Nf6 24. Ne5 Rad8 25. Be7 Ra8 26. Bxf6 gxf6
27. Nxf7 Ng6 28. R1c3 Re7 29. Rxe7 Nxe7 30. Nh6+ Kg7 31. Ng4 Nf5 32. Nf3 Re8
33. Ne3 Nh6 34. Rc6 b5 35. Rc5 Rb8 36. Rc7+ Nf7 37. Rc6 Nd8 38. Rc7+ Kg8 39.
Ng4 Nf7 40. Nxf6+ Kg7 41. Ne5 Rf8 42. Nh5+ Kg8 43. Nxf7 Rxf7 44. Rc8+ Rf8 45.
Nf6+ Kg7 46. Rxf8 Kxf8 47. Nxh7+ Ke7 48. Ng5 a4 49. Nf3 b4 50. Nd2 Kd6 51. f4
Kc6 52. Kf2 b3 53. Nxb3 1-0